000 00315nam a2200121Ia 4500
008 191014s9999 xx 000 0 und d
082 _a530.11
_bSCH
100 _aErwin Schrodinger
_920262
245 0 _aSpace Time Structure
260 _aBritain
_bCambridge University Press
_c1960
300 _a119
942 _cBK
999 _c530832
_d530832